000 00508nam a2200193Ia 4500
005 20250326141650.0
008 250326s9999 xx 000 0 und d
037 _aTextbook
040 _aFMSL
_beng
_cFMSL
041 _aeng
_2eng
084 _aX:89A K9
_qFMSL
100 _aMoore F G
_9345747
245 0 _aManufacturing management
_cMoore F G
250 _a5
260 _aBombay
_bBombay, D B Taraporevala
_c1969
300 _a910p
942 _cTB
_hX:89A K9
999 _c1291394
_d1291394